zpět

Detail výsledku týmu

Pivovarský Dvůr PO, Liberec

Datum a čas kvízu

29 Celkem bodů Celkový počet nahraných bodů na tomto kvízu bez doplňovacích otázek.
9. Pořadí na kvízu Konečné umístění týmu na tomto kvízu.

Zaznamenané odpovědi

# Otázka Odpověď Body Výsledky
1. Poprvé v novodobé historii Čes... číslo 66 1
2. Jistá evropská metropole si zř... Vídeň 0
3. Minulý čtvrtek měl v českých k... Duna 1
4. Firma Apple opět vzbudila pozo... čisticí hadřík 1
5. Útočník Evander Kane ze San Jo... zfalšoval očkovací průkaz 1
6. Toto téma začneme manželkami k... 1D 2C 3B 4A 1
7. Přesuneme se ke Králi popu. Ja... The Jackson 5 1
8. Kterému sportu se profesionáln... tenisu 0
9. Mnoho deskových her využívá kr... Shogi 1
10. V roce 2021 streamovací platfo... Král Šamanů (Shaman King) 0